000 01391cam a22002531i 4500
999 _c22997
_d22997
001 4593507
003 BDDh-ASL
005 20231015030201.0
008 800115s1964 it b 001 0 ita
010 _a 75573182
040 _aDLC
_cDLC
_dCU
_dBDDh-ASL
050 0 0 _aPJ7864.A356
_bZ9
082 _a928
_bTAH
245 0 0 _aṬāhā Ḥusein :
_b[omaggio degli arabisti italiani a Ṭāhā Ḥusein in occasione del settantacinquesimo compleanno].
260 _aNapoli :
_bIstituto universitario orientale,
_c1964.
300 _axvi, 310 p. ;
_c25 cm.
504 _aIncludes bibliographical references and index.
505 0 _aRizzitano, U. Ṭāhā Ḥusein, nota bio-bibliografica.--Levi della Vida, G. L'opera storica di Ṭāhā Ḥusein.--Gabrieli, F. Ṭāhā Ḥusein critico.--Rizzitano, U. Ṭāhā Ḥusein narratore.--Nallino, M. Ṭāhā Ḥusein e l'Italia.--Moreno, M. M. Ṭāhā Ḥusein e l'Islam.--Minganti, P. Ṭāhā Ḥusein e l'insegnamento in el-Azhar.--Veccia Vaglieri, L. e Rubinacci, R. al-Qaṣr al-masḥür.--Sarnelli Cerqua, C. Adīb.--Belfiore, G. Šaǧarat al-bu's.--Scelta antologica.
600 1 0 _aḤusayn, Ṭāhā,
_d1889-1973
_xCriticism and interpretation.
700 1 _aḤusayn, Ṭāhā,
_d1889-1973.
710 2 _aIstituto universitario orientale (Naples, Italy)
906 _a7
_bcbc
_corignew
_du
_encip
_f19
_gy-gencatlg
942 _2ddc
_cBK